Спектр оператора Лапласа на дифференциальных формах на Римановых многообразиях Гейзенберга; Вестник Уфимского государственного авиационного технического университета; Т. 7, № 2
| Parent link: | Вестник Уфимского государственного авиационного технического университета Т. 7, № 2.— 2006.— [С. 210-212] |
|---|---|
| Hoofdauteur: | |
| Coauteur: | |
| Andere auteurs: | |
| Samenvatting: | Заглавие с экрана Вычислены собственные значения оператора Лапласа на дифференциальных формах на ри-мановых многообразиях Гейзенберга. The eigenvalues of the Laplace operator on differential forms on Riemannian Heisenberg manifolds are computed. Режим доступа: по договору с организацией-держателем ресурса |
| Taal: | Russisch |
| Gepubliceerd in: |
2006
|
| Onderwerpen: | |
| Online toegang: | https://elibrary.ru/item.asp?id=9289645 |
| Formaat: | MixedMaterials Elektronisch Hoofdstuk |
| KOHA link: | https://koha.lib.tpu.ru/cgi-bin/koha/opac-detail.pl?biblionumber=661594 |
MARC
| LEADER | 00000naa0a2200000 4500 | ||
|---|---|---|---|
| 001 | 661594 | ||
| 005 | 20250416143940.0 | ||
| 035 | |a (RuTPU)RU\TPU\network\32253 | ||
| 090 | |a 661594 | ||
| 100 | |a 20200116d2006 k||y0rusy50 ca | ||
| 101 | 0 | |a rus | |
| 102 | |a RU | ||
| 135 | |a drcn ---uucaa | ||
| 181 | 0 | |a i | |
| 182 | 0 | |a b | |
| 200 | 1 | |a Спектр оператора Лапласа на дифференциальных формах на Римановых многообразиях Гейзенберга |d The spectrum of the Laplace operator on differential forms on Riemannian Heisenberg manifolds |f Ю. А. Кордюков, А. А. Яковлев | |
| 203 | |a Текст |c электронный | ||
| 300 | |a Заглавие с экрана | ||
| 320 | |a [Библиогр.: с. 212 (5 назв.)] | ||
| 330 | |a Вычислены собственные значения оператора Лапласа на дифференциальных формах на ри-мановых многообразиях Гейзенберга. | ||
| 330 | |a The eigenvalues of the Laplace operator on differential forms on Riemannian Heisenberg manifolds are computed. | ||
| 333 | |a Режим доступа: по договору с организацией-держателем ресурса | ||
| 461 | |t Вестник Уфимского государственного авиационного технического университета | ||
| 463 | |t Т. 7, № 2 |v [С. 210-212] |d 2006 | ||
| 510 | 1 | |a The spectrum of the Laplace operator on differential forms on Riemannian Heisenberg manifolds |z eng | |
| 610 | 1 | |a труды учёных ТПУ | |
| 610 | 1 | |a электронный ресурс | |
| 610 | 1 | |a спектры | |
| 610 | 1 | |a операторы Лапласа | |
| 610 | 1 | |a многообразия | |
| 610 | 1 | |a дифференциальные формы | |
| 700 | 1 | |a Кордюков |b Ю. А. |g Юрий Аркадьевич | |
| 701 | 1 | |a Яковлев |b А. А. |c специалист в области нефтегазового дела |c первый проректор, доцент Томского политехнического университета, доктор физико-математических наук |f 1981- |g Андрей Александрович |3 (RuTPU)RU\TPU\pers\45818 | |
| 712 | 0 | 2 | |a Национальный исследовательский Томский политехнический университет |b Инженерная школа природных ресурсов |b Отделение нефтегазового дела |3 (RuTPU)RU\TPU\col\23546 |
| 801 | 2 | |a RU |b 63413507 |c 20200116 |g RCR | |
| 850 | |a 63413507 | ||
| 856 | 4 | 0 | |u https://elibrary.ru/item.asp?id=9289645 |
| 942 | |c CF | ||